| 000 | 00649cam a22001931 4500 | ||
|---|---|---|---|
| 082 |
_a620.16 _bFOS _cD |
||
| 100 | 1 |
_aFoster, P. Field _940957 |
|
| 245 | 1 | 4 |
_aThe mechanical testing of metals and alloys; _bthe theory and practice of standardized mechanical testing. |
| 250 | _a4th ed. | ||
| 260 |
_aLondon, _bI. Pitman, _c1948. |
||
| 300 |
_avii, 319 p. _billus. _c23 cm. |
||
| 500 | _aIncludes advertising matter. | ||
| 526 |
_a0 _b0 _c0 _d620_112300000000000_FOS |
||
| 526 |
_a0 _b0 _c0 _d620_160000000000000_FOS |
||
| 650 | 0 |
_aAlloys _xTesting. _940958 |
|
| 650 | 0 |
_aMetals _xTesting. _940778 |
|
| 650 | 0 |
_aTesting-machines. _921231 |
|
| 942 |
_2ddc _cBK |
||
| 999 |
_c545173 _d545173 |
||